书目信息 |
| 题名: |
爱丽丝漫游仙境记
|
|
| 作者: | 卡洛尔 著 | |
| 分册: | ||
| 出版信息: | 中国宇航出版社 2008.05 |
|
| 页数: | 229页 | |
| 开本: | 20cm | |
| 丛书名: | ||
| 单 册: | ||
| 中图分类: | H319.4 | |
| 科图分类: | ||
| 主题词: | 英语 | |
| 电子资源: | ||
| ISBN: | 978-7-80218-337-7 | |
| 000 | 00545nam0 2200205 45 | |
| 001 | 0958745335 | |
| 005 | 20091014162016.01 | |
| 010 | @a978-7-80218-337-7@dCNY16.80 | |
| 100 | @a20090515d2008 ekmy0 y0120 ea | |
| 102 | @aCN@b130000 | |
| 105 | @ay z 000yy | |
| 200 | 1 | @a爱丽丝漫游仙境记@f(英)卡洛尔著@F(ying)ka luo er zhu |
| 210 | @c中国宇航出版社@d2008.05 | |
| 215 | @a229页@d20cm | |
| 606 | 0 | @a英语 |
| 690 | @aH319.4@v4 | |
| 701 | 0 | @a卡洛尔@Aka luo er@4著 |
| 801 | 0 | @aCN@c20091014 |
| 905 | @a10447@dH319.4@eL7001 | |
| 906 | @d17@n2@r1 | |
| 爱丽丝漫游仙境记/(英)卡洛尔著.-中国宇航出版社,2008.05 |
| 229页;20cm |
| ISBN 978-7-80218-337-7:CNY16.80 |
| ● |
| 相关链接 |
|
|
|
正题名:爱丽丝漫游仙境记
索取号:H319.4/L7001
 
预约/预借
| 序号 | 登录号 | 条形码 | 馆藏地/架位号 | 状态 | 备注 |
| 1 | 892972 | 208929720 | 语言库209/209语言库 17排1列2层/ [索取号:H319.4/L7001] | 在馆 | |
| 2 | 892973 | 208929739 | 语言库209/209语言库 17排1列2层/ [索取号:H319.4/L7001] | 在馆 |